[Event "Erfurt - Baden Oos"]
[Site "BL 0203"]
[Date "2003.01.11"]
[Round "8.5"]
[White "Schenk, Andreas"]
[Black "Paehtz, Thomas"]
[Result "1-0"]
[WhiteElo "2479"]
[BlackElo "2459"]
[PlyCount "87"]
[EventDate "2003.01.11"]

1. d4 g6 2. Nf3 Bg7 3. c4 d6 4. e4 Bg4 5. d5 Nd7 6. Be2 Nc5 7. Nc3 c6 8. h3
Bxf3 9. Bxf3 cxd5 10. exd5 Nf6 11. O-O O-O 12. Re1 Rc8 13. Bg5 Re8 14. b4 Ncd7
15. Qb3 Nb6 16. Be2 e6 17. dxe6 Rxe6 18. Bg4 Rxe1+ 19. Rxe1 Rc7 20. Bf3 h6 21.
Be3 Re7 22. Rd1 Qe8 23. Rd3 Nbd7 24. Nd5 Nxd5 25. Rxd5 Ne5 26. Rxd6 Nxf3+ 27.
gxf3 Be5 28. Rd5 Qc6 29. Qd3 Qf6 30. Kg2 Bc7 31. Qd4 Qe6 32. Bxh6 f5 33. Bg5
Be5 34. Rd8+ Kg7 35. Qh4 Re8 36. Qh6+ Kg8 37. Qh4 Bg7 38. Rxe8+ Qxe8 39. Qf4
Qc6 40. h4 Kh7 41. b5 Qb6 42. Qd2 Bd4 43. Be3 Bxe3 44. Qxe3 1-0

[Event "Erfurt - Baden Oos"]
[Site "BL 0203"]
[Date "2003.01.11"]
[Round "8.7"]
[White "Schmaltz, Roland"]
[Black "Enders, Peter"]
[Result "1-0"]
[WhiteElo "2529"]
[BlackElo "2524"]
[PlyCount "83"]
[EventDate "2003.01.11"]

1. e4 c5 2. Nf3 Nc6 3. d4 cxd4 4. Nxd4 Nf6 5. Nc3 d6 6. Be2 g6 7. Nb3 Bg7 8.
O-O O-O 9. Re1 Na5 10. Bf1 Nxb3 11. axb3 Bd7 12. Bg5 Bc6 13. Qd2 a6 14. Nd5 e6
15. Nc3 Qc7 16. Bf4 Rfd8 17. Rad1 Ne8 18. Bg5 Rdc8 19. Bh6 Bxh6 20. Qxh6 Qe7
21. Qf4 Rd8 22. Rd2 Rd7 23. Red1 Rad8 24. Qe3 Rc8 25. g3 Rdc7 26. f4 b5 27. b4
Bb7 28. h3 Rc6 29. e5 Qc7 30. Bg2 d5 31. Bf1 Qb6 32. Qxb6 Rxb6 33. Ne2 f6 34.
Nd4 fxe5 35. fxe5 Ng7 36. g4 Rf8 37. Rf2 Bc8 38. Bd3 Rxf2 39. Kxf2 Bd7 40. Ra1
Kf7 41. Ke3 Ke7 42. Kf4 1-0

[Event "Erfurt - Baden Oos"]
[Site "BL 0203"]
[Date "2003.01.11"]
[Round "8.8"]
[White "Brueggemann, Joachim"]
[Black "Keitlinghaus, Ludger"]
[Result "0-1"]
[WhiteElo "2412"]
[BlackElo "2500"]
[PlyCount "116"]
[EventDate "2003.01.11"]

1. e4 d5 2. exd5 Qxd5 3. Nc3 Qa5 4. d4 c6 5. Bc4 Bf5 6. Nf3 Nd7 7. Bd2 e6 8.
Qe2 Bb4 9. O-O-O Ngf6 10. a3 Bxc3 11. Bxc3 Qc7 12. Kb1 b5 13. Bd3 Bxd3 14. Qxd3
a5 15. Rhe1 O-O 16. Bd2 Rfd8 17. Bg5 b4 18. a4 c5 19. Bxf6 Nxf6 20. Qc4 Rd5 21.
Rd3 h6 22. Re5 Rc8 23. Rxd5 Nxd5 24. dxc5 Qa7 25. Nd2 Rxc5 26. Qd4 Qc7 27. Rg3
e5 28. Qg4 g6 29. Qd1 Nf4 30. Nb3 Rd5 31. Qe1 Qd7 32. Nc1 Qxa4 33. Rf3 Qd7 34.
g3 Ne6 35. Rd3 Nc5 36. Rxd5 Qxd5 37. Qe3 Kg7 38. h4 a4 39. Qe2 b3 40. Qe3 Qd4
41. Qe2 e4 42. f3 e3 43. cxb3 axb3 44. Qb5 h5 45. Qe2 Kh7 46. Qb5 Qd5 47. Qe2
Qd4 48. Qb5 Kg8 49. Qe2 Qe5 50. Qb5 Kh7 51. Qc4 Kg7 52. Qe2 Kf8 53. Ka1 Ke7 54.
Qb5 f6 55. Ne2 Kf7 56. Qc4+ Kg7 57. Qb5 Qd6 58. Nc3 Qa6+ 0-1

[Event "Plauen - Stuttgart"]
[Site "BL 0203"]
[Date "2003.01.11"]
[Round "8.3"]
[White "Buhmann, Rainer"]
[Black "Markowski, Tomasz"]
[Result "1/2-1/2"]
[WhiteElo "2527"]
[BlackElo "2549"]
[PlyCount "44"]
[EventDate "2003.01.11"]

1. d4 d5 2. c4 dxc4 3. Nf3 Nf6 4. e3 e6 5. Bxc4 a6 6. O-O Nbd7 7. a4 b6 8. Nc3
Bb7 9. Qe2 c5 10. Rd1 Qc7 11. d5 exd5 12. Nxd5 Nxd5 13. Bxd5 Bxd5 14. Rxd5 Be7
15. b3 Qb7 16. Rd3 O-O 17. Bb2 Rfd8 18. Rad1 Nf8 19. Be5 Rxd3 20. Rxd3 b5 21.
h3 Qe4 22. Qd1 Rc8 1/2-1/2

[Event "Plauen - Stuttgart"]
[Site "BL 0203"]
[Date "2003.01.11"]
[Round "8.4"]
[White "Kindermann, Stefan"]
[Black "Jenni, Florian"]
[Result "1/2-1/2"]
[WhiteElo "2519"]
[BlackElo "2483"]
[PlyCount "64"]
[EventDate "2003.01.11"]

1. e4 e5 2. Nf3 Nc6 3. Bb5 a6 4. Bxc6 dxc6 5. O-O f6 6. d4 exd4 7. Nxd4 c5 8.
Nb3 Qxd1 9. Rxd1 Bg4 10. f3 Bd7 11. Bf4 O-O-O 12. Nc3 c4 13. Na5 Bc5+ 14. Kf1
b5 15. a4 Ne7 16. axb5 Bxb5 17. Rxd8+ Rxd8 18. Ke2 Bb4 19. Nxb5 axb5 20. c3 Bd6
21. Bxd6 Rxd6 22. b3 cxb3 23. Nxb3 Kb7 24. f4 Nc6 25. Ke3 Kb6 26. Ra8 Rd8 27.
Rxd8 Nxd8 28. e5 fxe5 29. fxe5 c5 30. Ke4 Kc6 31. Na5+ Kb6 32. Nb3 Kc6 1/2-1/2

[Event "Plauen - Stuttgart"]
[Site "BL 0203"]
[Date "2003.01.11"]
[Round "8.5"]
[White "Schmittdiel, Eckhard"]
[Black "Espig, Lutz"]
[Result "1/2-1/2"]
[WhiteElo "2491"]
[BlackElo "2425"]
[PlyCount "61"]
[EventDate "2003.01.11"]

1. Nf3 g6 2. g3 c5 3. c4 Bg7 4. Bg2 Nc6 5. O-O e6 6. Nc3 Nge7 7. Ne4 d6 8. e3
O-O 9. a3 b6 10. d3 d5 11. Ned2 Bb7 12. Rb1 dxc4 13. dxc4 Qc7 14. b4 Ne5 15.
Nxe5 Bxg2 16. Kxg2 Bxe5 17. Bb2 Bxb2 18. Rxb2 Qe5 19. Qb1 Rac8 20. Rc1 Rfd8 21.
Nf3 Qf5 22. e4 Qf6 23. b5 Rd7 24. Rd2 Rxd2 25. Nxd2 g5 26. h3 Ng6 27. Nf3 Rd8
28. Rd1 Rxd1 29. Qxd1 Ne5 30. Nxe5 Qxe5 31. Qg4 1/2-1/2

[Event "Plauen - Stuttgart"]
[Site "BL 0203"]
[Date "2003.01.11"]
[Round "8.6"]
[White "Brendel, Oliver"]
[Black "Duppel, Matthias"]
[Result "0-1"]
[WhiteElo "2378"]
[BlackElo "2440"]
[PlyCount "116"]
[EventDate "2003.01.11"]

1. e4 e6 2. d4 d5 3. Nc3 Nf6 4. Bg5 Bb4 5. e5 h6 6. Bd2 Bxc3 7. bxc3 Ne4 8. Qg4
g6 9. Bd3 Nxd2 10. Kxd2 c5 11. Nf3 c4 12. Be2 Bd7 13. a4 Bc6 14. h4 Nd7 15. a5
Qe7 16. Ng1 O-O-O 17. f4 f5 18. Qg3 Rdg8 19. Nf3 Kc7 20. Qe1 Bb5 21. Qb1 a6 22.
Qb4 Rh7 23. Rh3 Nb8 24. Rg3 Nc6 25. Qb2 Rhg7 26. Qc1 Nd8 27. Qb2 Nf7 28. Qb4
Qxb4 29. cxb4 g5 30. hxg5 hxg5 31. Nxg5 Nxg5 32. Rxg5 Rxg5 33. fxg5 c3+ 34. Ke1
Bxe2 35. Kxe2 Rxg5 36. Kf3 Rg4 37. Rd1 Kc6 38. Rd3 Kb5 39. Rxc3 Rxd4 40. Rc7
Rxb4 41. Re7 Kxa5 42. Rxe6 Re4 43. Re8 Kb4 44. e6 a5 45. e7 a4 46. c4 dxc4 47.
g4 a3 48. gxf5 a2 49. Kxe4 a1=Q 50. Rc8 Qe1+ 51. Kd5 Qxe7 52. Rxc4+ Kb5 53. Re4
Qf6 54. Re5 b6 55. Ke4+ Kc4 56. Re6 Qd4+ 57. Kf3 Kd5 58. Re8 Qh4 0-1

[Event "Plauen - Stuttgart"]
[Site "BL 0203"]
[Date "2003.01.11"]
[Round "8.7"]
[White "Bunzmann, Dimitri"]
[Black "Sandner, Gunter"]
[Result "1-0"]
[WhiteElo "2498"]
[BlackElo "2323"]
[PlyCount "121"]
[EventDate "2003.01.11"]

1. d4 Nf6 2. c4 e6 3. Nf3 c5 4. d5 exd5 5. cxd5 d6 6. e4 a6 7. h3 g6 8. Bd3 Bg7
9. O-O O-O 10. a4 Re8 11. Qc2 Nbd7 12. Bf4 Qe7 13. Nbd2 Nh5 14. Bh2 Qf6 15. Nc4
Nf4 16. Qd2 Bh6 17. Bxf4 Bxf4 18. Qc3 Qe7 19. Rfe1 Rb8 20. g3 Ne5 21. Nfxe5
Bxe5 22. Nxe5 Qxe5 23. Qxe5 Rxe5 24. f4 Re7 25. Bf1 Bd7 26. Kf2 Rbe8 27. Bg2
Kf8 28. a5 Bb5 29. Rad1 f6 30. h4 h6 31. Re3 Bd7 32. Rde1 Kf7 33. Bf1 Ba4 34.
Bh3 Bd7 35. Bg2 Bb5 36. Bf3 Bd7 37. Bd1 Bb5 38. Bc2 Kg7 39. Bd1 Bc4 40. Bg4 f5
41. exf5 Rxe3 42. Rxe3 Rxe3 43. Kxe3 h5 44. f6+ Kxf6 45. Be6 Ke7 46. Kd2 Bb5
47. Bc8 Kd8 48. Bxb7 Kc7 49. Ba8 Bd7 50. Ke3 Bf5 51. Bc6 Bc2 52. Kd2 Be4 53.
Kc3 Kc8 54. Kc4 Kd8 55. b4 cxb4 56. Kxb4 Bf3 57. Ba4 Be4 58. Bb3 Kc7 59. Bc4
Kb7 60. Kc3 Bf5 61. Bd3 1-0

[Event "Plauen - Stuttgart"]
[Site "BL 0203"]
[Date "2003.01.11"]
[Round "8.8"]
[White "Kuraszkiewicz, Michael"]
[Black "Heinatz, Thomas"]
[Result "1/2-1/2"]
[WhiteElo "2323"]
[BlackElo "2315"]
[PlyCount "49"]
[EventDate "2003.01.11"]

1. d4 Nf6 2. c4 g6 3. Nc3 d5 4. cxd5 Nxd5 5. e4 Nxc3 6. bxc3 c5 7. Nf3 Bg7 8.
Qd2 O-O 9. Be2 Qa5 10. Rb1 a6 11. O-O Nc6 12. d5 Bxc3 13. Qh6 Bg7 14. Qh4 Nd4
15. Nxd4 Bxd4 16. Qxe7 Qa4 17. Bh6 Re8 18. Qc7 Be5 19. Qxc5 Qxe4 20. Be3 Qh4
21. g3 Qe7 22. Bf3 Bh3 23. Qxe7 Rxe7 24. Rfc1 Rc8 25. Rxc8+ 1/2-1/2

[Event "Tegernsee - Bremen"]
[Site "BL 0203"]
[Date "2003.01.11"]
[Round "8.1"]
[White "Babula, Vlastimil"]
[Black "Khenkin, Igor"]
[Result "1/2-1/2"]
[WhiteElo "2581"]
[BlackElo "2624"]
[PlyCount "35"]
[EventDate "2003.01.11"]

1. d4 d5 2. c4 e6 3. Nc3 c6 4. e4 dxe4 5. Nxe4 Bb4+ 6. Nc3 c5 7. a3 Ba5 8. Nf3
Nf6 9. Be2 cxd4 10. Nxd4 Ne4 11. Ndb5 Qxd1+ 12. Bxd1 Nxc3 13. Nxc3 Bxc3+ 14.
bxc3 Bd7 15. a4 Bc6 16. O-O Nd7 17. a5 a6 18. Ba3 1/2-1/2

[Event "Tegernsee - Bremen"]
[Site "BL 0203"]
[Date "2003.01.11"]
[Round "8.3"]
[White "Pelletier, Yannick"]
[Black "Ribli, Zoltan"]
[Result "1-0"]
[WhiteElo "2624"]
[BlackElo "2568"]
[PlyCount "87"]
[EventDate "2003.01.11"]

1. c4 Nf6 2. Nc3 e6 3. e4 d5 4. e5 d4 5. exf6 dxc3 6. bxc3 Qxf6 7. d4 e5 8. Nf3
exd4 9. Bg5 Qe6+ 10. Be2 Be7 11. cxd4 Bxg5 12. Nxg5 Qf6 13. Ne4 Qg6 14. Ng3 O-O
15. O-O Rd8 16. Rc1 Qf6 17. d5 Na6 18. Nh5 Qe5 19. Bf3 Nc5 20. Re1 Qd6 21. Qd4
f6 22. Re3 Bd7 23. Bg4 Re8 24. Rg3 Bxg4 25. Rxg4 Kh8 26. Nxg7 Re5 27. f4 Re4
28. Qc3 Rxf4 29. Rxf4 Qxf4 30. Nh5 Qe5 31. Qxe5 fxe5 32. Rf1 Kg8 33. Rf5 Nd7
34. g4 Rc8 35. Rg5+ Kh8 36. Rg7 Nf6 37. Re7 Nxh5 38. gxh5 h6 39. Kf2 b5 40. c5
Kg8 41. Ke3 a5 42. Ke4 b4 43. Kxe5 a4 44. Ke6 1-0

[Event "Tegernsee - Bremen"]
[Site "BL 0203"]
[Date "2003.01.11"]
[Round "8.4"]
[White "Boensch, Uwe"]
[Black "Gallagher, Joseph"]
[Result "0-1"]
[WhiteElo "2537"]
[BlackElo "2526"]
[PlyCount "68"]
[EventDate "2003.01.11"]

1. d4 Nf6 2. c4 g6 3. Nc3 Bg7 4. e4 d6 5. Be2 O-O 6. Bg5 Na6 7. Qc2 h6 8. Bf4
c5 9. d5 e5 10. dxe6 Bxe6 11. Rd1 Nb4 12. Qb1 Re8 13. Bxd6 Qa5 14. a3 Nc6 15.
Nf3 Nxe4 16. Qxe4 Bh3 17. Qd3 Bxg2 18. Rg1 Bxf3 19. Qxf3 Nd4 20. Rxd4 cxd4 21.
Bb4 Qc7 22. Ne4 Qc6 23. Kf1 Rxe4 24. Qd3 Qe6 25. Rg3 Re8 26. Bf3 f5 27. Bd2 Kh7
28. c5 h5 29. b4 h4 30. Rh3 Bf6 31. Bd1 Qd5 32. Bf3 Qa2 33. Kg2 Rg4+ 34. Bxg4
fxg4 0-1

[Event "Tegernsee - Bremen"]
[Site "BL 0203"]
[Date "2003.01.11"]
[Round "8.5"]
[White "Knaak, Rainer"]
[Black "Teske, Henrik"]
[Result "1/2-1/2"]
[WhiteElo "2471"]
[BlackElo "2531"]
[PlyCount "147"]
[EventDate "2003.01.11"]

1. d4 Nf6 2. Bg5 e6 3. Nd2 c5 4. e3 Nc6 5. Ngf3 b6 6. c3 Bb7 7. Bd3 Be7 8. O-O
cxd4 9. exd4 Nd5 10. Bxe7 Qxe7 11. Re1 O-O 12. Be4 Nf6 13. Bc2 Rac8 14. Nf1 Na5
15. N3d2 Nd5 16. Ne3 f5 17. Nxd5 Bxd5 18. b4 Nc4 19. Nxc4 Bxc4 20. Bb3 Qd6 21.
Qd2 Rc7 22. Re3 a5 23. bxa5 bxa5 24. Bxc4 Rxc4 25. Rb1 a4 26. h4 Qc7 27. Rg3 h6
28. f4 Rc8 29. Rc1 Qd6 30. Kh2 Rb8 31. Rf1 a3 32. Qe2 Qc7 33. Rff3 Rb2 34. Qe3
Kh7 35. h5 Rc2 36. Qe1 Qc8 37. Rg6 d6 38. Rfg3 Rc7 39. Rxe6 R2xc3 40. Re8 Qd7
41. Rxc3 Rxc3 42. Re7 Qc8 43. Ra7 Rc7 44. Rxa3 Qg8 45. Ra6 Qf7 46. Qh4 Rc2 47.
Rxd6 Rxa2 48. Rg6 Qd5 49. Qg3 Qxd4 50. Re6 Ra8 51. Qg6+ Kg8 52. Re8+ Rxe8 53.
Qxe8+ Kh7 54. Qg6+ Kg8 55. Qxf5 Qf2 56. Qg4 Qe3 57. Qc8+ Kf7 58. Qf5+ Ke7 59.
Qg4 Kf8 60. Qg3 Qe2 61. Qa3+ Kf7 62. Qc5 Qe4 63. Qf2 Qd5 64. Qe2 Qb3 65. Qe5
Qd3 66. f5 Qd1 67. Qe6+ Kf8 68. Qc8+ Ke7 69. Qb7+ Kf6 70. Qc6+ Kxf5 71. Qg6+
Kf4 72. g3+ Ke3 73. Qe6+ Kf2 74. Qb6+ 1/2-1/2

[Event "Tegernsee - Bremen"]
[Site "BL 0203"]
[Date "2003.01.11"]
[Round "8.6"]
[White "Hertneck, Gerald"]
[Black "Joachim, Sven"]
[Result "1-0"]
[WhiteElo "2519"]
[BlackElo "2471"]
[PlyCount "80"]
[EventDate "2003.01.11"]

1. d4 Nf6 2. c4 g6 3. Nc3 d5 4. Bf4 Bg7 5. e3 c5 6. dxc5 Qa5 7. Qa4+ Qxa4 8.
Nxa4 Bd7 9. Nc3 Ne4 10. Nxd5 Na6 11. f3 Nexc5 12. O-O-O e6 13. Nc3 Bxc3 14.
bxc3 f6 15. g4 h5 16. g5 e5 17. Bg3 h4 18. Bf2 fxg5 19. Rd5 e4 20. Rxg5 Bf5 21.
Kc2 O-O-O 22. Bh3 Bxh3 23. Nxh3 exf3 24. Rg4 Nd3 25. Bxh4 Ne5 26. Re4 Rde8 27.
Bg3 Rxh3 28. Rxe5 Rxe5 29. Bxe5 Nc5 30. Rg1 Rh5 31. Bg3 Ne4 32. Kd3 Nxg3 33.
hxg3 Rg5 34. g4 Kc7 35. e4 f2 36. Rf1 Rxg4 37. Rxf2 Rg1 38. Kd4 Rd1+ 39. Ke5
Rd3 40. Kf6 Rxc3 $138 1-0

[Event "Tegernsee - Bremen"]
[Site "BL 0203"]
[Date "2003.01.11"]
[Round "8.7"]
[White "Meins, Gerlef"]
[Black "Stangl, Markus"]
[Result "1/2-1/2"]
[WhiteElo "2436"]
[BlackElo "2494"]
[PlyCount "53"]
[EventDate "2003.01.11"]

1. d4 g6 2. c4 Bg7 3. Nc3 d6 4. e4 Nd7 5. Be2 e5 6. Nf3 Ne7 7. O-O O-O 8. Be3
h6 9. Qd2 Kh7 10. Rad1 f5 11. dxe5 dxe5 12. exf5 gxf5 13. Nh4 Bf6 14. g3 Bxh4
15. gxh4 f4 16. Bc5 Rg8+ 17. Kh1 Nc6 18. f3 Qxh4 19. Bf2 Qh3 20. Rg1 Rxg1+ 21.
Kxg1 Nf8 22. Nd5 Be6 23. Nxc7 Rd8 24. Nxe6 Rxd2 25. Nxf8+ Kh8 26. Ng6+ Kh7 27.
Nf8+ 1/2-1/2

[Event "Tegernsee - Bremen"]
[Site "BL 0203"]
[Date "2003.01.11"]
[Round "8.8"]
[White "Bromberger, Stefan"]
[Black "Heissler, Jakob"]
[Result "1-0"]
[WhiteElo "2417"]
[BlackElo "2455"]
[PlyCount "103"]
[EventDate "2003.01.11"]

1. d4 Nf6 2. c4 d6 3. Nc3 Nbd7 4. Nf3 c6 5. e4 e5 6. Be2 Be7 7. O-O O-O 8. Re1
a6 9. Rb1 Re8 10. Bf1 Bf8 11. d5 cxd5 12. cxd5 b5 13. b4 Nb6 14. a4 bxa4 15.
Nxa4 Nxa4 16. Qxa4 Bd7 17. Qa3 Bb5 18. Bxb5 axb5 19. Qd3 Qd7 20. Bg5 Be7 21.
Rec1 Rec8 22. h3 h6 23. Be3 Bd8 24. Nd2 Qb7 25. Rxc8 Rxc8 26. Ra1 Rb8 27. Ra7
Qc8 28. Qa3 Nd7 29. Qa6 Qxa6 30. Rxa6 Nb6 31. Kf1 Kf8 32. Ke2 Ke8 33. Kd3 Rb7
34. f3 Kd7 35. Bf2 Bc7 36. Nb1 Nc4 37. Nc3 Nb2+ 38. Kc2 Nc4 39. Rc6 Na3+ 40.
Kb3 Nc4 41. Ra6 h5 42. Ra2 Bb6 43. Nxb5 Bxf2 44. Kxc4 Bb6 45. Ra6 Bc7 46. Ra7
Rxa7 47. Nxa7 Bb6 48. Nc6 Kc7 49. Kb5 Be3 50. Ka6 Bb6 51. Na5 Bd4 52. Nc4 1-0

[Event "Forchheim - Emsdetten"]
[Site "BL 0203"]
[Date "2003.01.11"]
[Round "8.2"]
[White "Jansa, Vlastimil"]
[Black "Berelovich, Aleksandar"]
[Result "1-0"]
[WhiteElo "2504"]
[BlackElo "2546"]
[PlyCount "117"]
[EventDate "2003.01.11"]

1. e4 e6 2. d4 d5 3. Nd2 c5 4. Ngf3 Nc6 5. exd5 exd5 6. Bb5 Bd6 7. dxc5 Bxc5 8.
O-O Nge7 9. Nb3 Bb6 10. Re1 O-O 11. Be3 Bg4 12. Bxb6 Qxb6 13. Bxc6 Nxc6 14.
Qxd5 Nb4 15. Qe4 Bxf3 16. gxf3 a5 17. Rad1 a4 18. Nc1 Ra5 19. f4 Na6 20. Nd3
Nc5 21. Nxc5 Qxc5 22. Re3 g6 23. Rd7 Rb5 24. b3 axb3 25. axb3 Qh5 26. h3 b6 27.
c4 Ra5 28. Kg2 Qh4 29. Rd5 Ra2 30. Rf3 Qf6 31. Qe5 Qc6 32. f5 Re8 33. Qd6 Qxd6
34. Rxd6 b5 35. cxb5 Ra5 36. fxg6 hxg6 37. b6 Re7 38. Rc3 Rg5+ 39. Kf1 Rb5 40.
Rc7 Re4 41. b7 Kg7 42. Rd3 Rf4 43. Kg2 Rf6 44. Rf3 Rb4 45. Rxf6 Kxf6 46. Kf3
Ke6 47. Ke3 Rxb3+ 48. Kd4 Kd6 49. Rxf7 Rb4+ 50. Kc3 Rb1 51. f4 Kd5 52. h4 Ke6
53. Rh7 Kd6 54. Kc4 Kc6 55. Rf7 Rb2 56. Kd4 Rb5 57. f5 gxf5 58. h5 Rb4+ 59. Kc3
1-0

[Event "Forchheim - Emsdetten"]
[Site "BL 0203"]
[Date "2003.01.11"]
[Round "8.3"]
[White "Pedersen, Nicolai Versterbaek"]
[Black "Jirovsky, Milos"]
[Result "1/2-1/2"]
[WhiteElo "2512"]
[BlackElo "2457"]
[PlyCount "51"]
[EventDate "2003.01.11"]

1. d4 d5 2. c4 e6 3. Nc3 Nf6 4. cxd5 exd5 5. Bg5 c6 6. e3 Bf5 7. Qf3 Bg6 8.
Bxf6 Qxf6 9. Qxf6 gxf6 10. h4 h5 11. Nh3 Nd7 12. Nf4 Bd6 13. g3 Nb6 14. Rc1 Kf8
15. Kd2 Kg7 16. Bd3 Bxf4 17. gxf4 Bxd3 18. Kxd3 Nc4 19. b3 Nd6 20. f3 f5 21.
Rhg1+ Kh6 22. Rg5 f6 23. Rg2 Rhg8 24. Rcg1 Rxg2 25. Rxg2 Re8 26. Ne2 1/2-1/2

[Event "Forchheim - Emsdetten"]
[Site "BL 0203"]
[Date "2003.01.11"]
[Round "8.4"]
[White "Heidrich, Manfred"]
[Black "Peng, Zhao Qin"]
[Result "1/2-1/2"]
[WhiteElo "2415"]
[BlackElo "2425"]
[PlyCount "64"]
[EventDate "2003.01.11"]

1. e4 c5 2. c3 b6 3. d4 Bb7 4. f3 e6 5. Be3 Nf6 6. Bd3 Be7 7. Ne2 O-O 8. O-O d6
9. Nd2 a6 10. Ng3 Nc6 11. a3 b5 12. Qe2 Re8 13. Rad1 cxd4 14. cxd4 Rc8 15. Rc1
Qd7 16. Nb3 Bd8 17. Qd2 Bb6 18. Ne2 h6 19. Rc2 Ne7 20. Rfc1 Rxc2 21. Rxc2 Rc8
22. Kf2 Nc6 23. Rc1 Qd8 24. Kg1 Nd7 25. Bf2 Nf6 26. Rc2 Ne7 27. Rxc8 Bxc8 28.
Qc2 Bd7 29. Nc3 Qc7 30. Qd2 Nc6 31. Ne2 Qa7 32. Qe1 Ne7 1/2-1/2

[Event "Forchheim - Emsdetten"]
[Site "BL 0203"]
[Date "2003.01.11"]
[Round "8.5"]
[White "Zumsande, Martin"]
[Black "Bartsch, Berthold"]
[Result "1-0"]
[WhiteElo "2374"]
[BlackElo "2318"]
[PlyCount "55"]
[EventDate "2003.01.11"]

1. e4 Nf6 2. e5 Nd5 3. Nc3 e6 4. d4 c5 5. Nxd5 exd5 6. dxc5 Bxc5 7. Qxd5 Qb6 8.
Bc4 Bxf2+ 9. Ke2 O-O 10. Nh3 Bh4 11. Bg5 Bxg5 12. Nxg5 Nc6 13. Nxf7 Nd4+ 14.
Kd3 Ne6 15. Nd6 Qxb2 16. Raf1 Rd8 17. Qe4 Rb8 18. Qh4 Qa3+ 19. c3 Qa5 20. Qe7
h6 21. Rf7 Kh8 22. Rxg7 Nxg7 23. Rf1 Rg8 24. Rf8 Rxf8 25. Qxf8+ Kh7 26. Bg8+
Kg6 27. Qf6+ Kh5 28. Bf7+ 1-0

[Event "Forchheim - Emsdetten"]
[Site "BL 0203"]
[Date "2003.01.11"]
[Round "8.6"]
[White "Zwanzger, Johannes"]
[Black "Richter, Christian"]
[Result "1/2-1/2"]
[WhiteElo "2281"]
[BlackElo "2346"]
[PlyCount "59"]
[EventDate "2003.01.11"]

1. e4 e5 2. Nf3 Nc6 3. Bb5 a6 4. Ba4 Nf6 5. O-O Be7 6. Re1 b5 7. Bb3 d6 8. c3
O-O 9. h3 Bb7 10. d3 Re8 11. Bg5 h6 12. Bh4 Nh5 13. Ng5 Bxg5 14. Qxh5 Rf8 15.
Bxg5 Qxg5 16. Qxg5 hxg5 17. Nd2 Kh7 18. Bd5 Kg6 19. a4 Kf6 20. Ra2 Ke7 21. Re3
Rh8 22. Rg3 f6 23. Nf3 Kf8 24. b4 Rb8 25. Rg4 Rh7 26. h4 gxh4 27. Rxh4 Rxh4 28.
Nxh4 Ne7 29. Bxb7 Rxb7 30. Kf1 1/2-1/2

[Event "Forchheim - Emsdetten"]
[Site "BL 0203"]
[Date "2003.01.11"]
[Round "8.7"]
[White "Van Delft, Merijn"]
[Black "Niedermaier, Hans"]
[Result "1-0"]
[WhiteElo "2341"]
[BlackElo "2253"]
[PlyCount "67"]
[EventDate "2003.01.11"]

1. e4 c5 2. Nf3 d6 3. d4 cxd4 4. Nxd4 Nf6 5. Nc3 a6 6. Be3 e6 7. f3 Be7 8. Qd2
Bd7 9. g4 h6 10. O-O-O Nc6 11. h4 Nxd4 12. Qxd4 e5 13. Qd2 Qc7 14. Bh3 Be6 15.
g5 hxg5 16. hxg5 Nh5 17. Bg4 g6 18. Nd5 Qc6 19. Rh2 Rc8 20. Kb1 b5 21. Rdh1 Rf8
22. Bxh5 gxh5 23. Rxh5 a5 24. Rh7 Bd8 25. g6 fxg6 26. Qg2 g5 27. Bxg5 Rg8 28.
Rh8 Bxg5 29. Rxg8+ Bxg8 30. Qxg5 Qxc2+ 31. Ka1 Bxd5 32. Rh8+ Kd7 33. Qg7+ Bf7
34. Qxf7+ 1-0

[Event "Forchheim - Emsdetten"]
[Site "BL 0203"]
[Date "2003.01.11"]
[Round "8.8"]
[White "Doeres, Hans-Juergen"]
[Black "Van Beek, Lucien"]
[Result "0-1"]
[WhiteElo "2279"]
[BlackElo "2341"]
[PlyCount "78"]
[EventDate "2003.01.11"]

1. e4 e5 2. Nf3 Nc6 3. Bb5 a6 4. Ba4 d6 5. O-O Bd7 6. c3 g6 7. d4 Bg7 8. Bg5 f6
9. Be3 Qe7 10. Nbd2 Nh6 11. dxe5 dxe5 12. b4 b6 13. h3 Nf7 14. Qe2 O-O 15. Bb3
Be6 16. Rfd1 Rfd8 17. Bc4 a5 18. b5 Na7 19. a4 Rd7 20. Bxe6 Qxe6 21. Nc4 Bf8
22. Rxd7 Qxd7 23. Rd1 Qe6 24. Rd5 Nc8 25. Rd1 Ncd6 26. Nfd2 Rd8 27. Nxb6 cxb6
28. Bxb6 Ra8 29. Qd3 Nb7 30. Qe3 Nfd6 31. c4 Nc8 32. Bc7 Bc5 33. Qf3 Qe7 34.
Nb3 Qxc7 35. Qxf6 Nb6 36. Qe6+ Kg7 37. Qc6 Rc8 38. Nxc5 Qxc6 39. bxc6 Nxc5 0-1

[Event "Solingen - Luebeck"]
[Site "BL 0203"]
[Date "2003.01.12"]
[Round "9.2"]
[White "Jussupow, Artur"]
[Black "Lautier, Joel"]
[Result "1/2-1/2"]
[WhiteElo "2622"]
[BlackElo "2665"]
[PlyCount "58"]
[EventDate "2003.01.12"]

1. d4 d5 2. c4 c6 3. Nc3 Nf6 4. e3 a6 5. Nf3 b5 6. cxd5 cxd5 7. Bd3 e6 8. Ne5
Bb7 9. O-O Nbd7 10. f4 Be7 11. Qf3 O-O 12. a3 b4 13. axb4 Bxb4 14. Bd2 a5 15.
Rfc1 Qe7 16. Be1 Rfc8 17. Bh4 Qf8 18. Nxd7 Nxd7 19. f5 Bxc3 20. bxc3 e5 21. Bb5
e4 22. Qf1 Nb6 23. f6 Nc4 24. Qf4 Qd6 25. Qg4 g6 26. Qg5 Qf8 27. Bxc4 Rxc4 28.
Qf4 a4 29. Bg5 Qc8 1/2-1/2

[Event "Solingen - Luebeck"]
[Site "BL 0203"]
[Date "2003.01.12"]
[Round "9.5"]
[White "Hodgson, Julian"]
[Black "Naumann, Alexander"]
[Result "1/2-1/2"]
[WhiteElo "2608"]
[BlackElo "2513"]
[PlyCount "116"]
[EventDate "2003.01.12"]

1. d4 d5 2. Bg5 h6 3. Bh4 c6 4. Nf3 Qb6 5. Qc1 Bf5 6. c4 e6 7. Nc3 Be7 8. Bg3
Nf6 9. c5 Qd8 10. e3 Nbd7 11. h3 O-O 12. b4 Ne4 13. Nxe4 Bxe4 14. Nd2 Bg6 15.
Qc3 Bf6 16. Nb3 Re8 17. Bd3 Bxd3 18. Qxd3 e5 19. O-O a6 20. a4 Qe7 21. Na5 exd4
22. exd4 Nf8 23. Bd6 Qd7 24. Rae1 Rxe1 25. Rxe1 b5 26. Ra1 Re8 27. Nb3 Ne6 28.
axb5 axb5 29. Qd2 Ng5 30. Qd3 Ne4 31. Bf4 Qf5 32. Be3 Ng3 33. Rd1 Bg5 34. Qxf5
Nxf5 35. Bxg5 hxg5 36. Kf1 Re4 37. g4 Ne7 38. Ra1 f6 39. Ra7 Kf8 40. Na5 g6 41.
f3 Re6 42. Ra8+ Kg7 43. Kf2 f5 44. Nb7 f4 45. Re8 Re3 46. Nd6 Kf6 47. Rf8+ Kg7
48. Rf7+ Kg8 49. h4 gxh4 50. Rxf4 Rb3 51. Rf7 Rb2+ 52. Kg1 Re2 53. f4 h3 54. f5
gxf5 55. gxf5 Rg2+ 56. Kh1 Re2 57. Kg1 Rg2+ 58. Kh1 Re2 1/2-1/2

[Event "Solingen - Luebeck"]
[Site "BL 0203"]
[Date "2003.01.12"]
[Round "9.7"]
[White "Conquest, Stuart"]
[Black "Hoffmann, Michael"]
[Result "1/2-1/2"]
[WhiteElo "2537"]
[BlackElo "2438"]
[PlyCount "129"]
[EventDate "2003.01.12"]

1. c4 Nf6 2. Nc3 c5 3. g3 e6 4. Nf3 b6 5. Bg2 Bb7 6. O-O d6 7. e3 Be7 8. d4 Ne4
9. Ne2 O-O 10. Nd2 d5 11. Nxe4 dxe4 12. Qc2 f5 13. Bd2 Bf6 14. Rad1 Qe7 15. Bc3
Nc6 16. a3 Rad8 17. Qb1 a5 18. Qc2 Rd6 19. dxc5 Rxd1 20. Rxd1 bxc5 21. Qa4 Bxc3
22. Nxc3 Ne5 23. Qxa5 Nxc4 24. Qb5 Ne5 25. Na4 Rc8 26. b4 Nd3 27. Nxc5 Nxc5 28.
bxc5 Rxc5 29. Qb4 Ba6 30. Bf1 Bxf1 31. Kxf1 h6 32. a4 Qc7 33. Kg2 Kh7 34. h4
Rc4 35. Qb3 e5 36. Rd5 f4 37. exf4 exf4 38. gxf4 Rc3 39. Qb4 Rc4 40. Qf8 Qc6
41. Qf5+ Qg6+ 42. Qxg6+ Kxg6 43. a5 Rc3 44. Re5 Ra3 45. Kf1 Ra2 46. Ke1 Kf6 47.
Kf1 Kf7 48. Rb5 Kf6 49. Ke1 Ke6 50. h5 Kf6 51. Rc5 Ke6 52. Re5+ Kf6 53. Kd1
Rxf2 54. Rxe4 Ra2 55. Re5 g5 56. hxg6 Kxg6 57. Kc1 h5 58. Kb1 Ra4 59. Kb2 Rxf4
60. Kb3 h4 61. a6 h3 62. Re3 Rh4 63. a7 Rh8 64. a8=R Rxa8 65. Rxh3 1/2-1/2